000 00717nam a2200241Ia 4500
001 210
003 GE_BSU
008 181216s||||||||xx |||||||||||||| ||und||
020 _a9992879688
040 _cGE_BSU
080 _a371.02
100 _aარახამია,მიხეილ
245 _aსკოლათმცოდნეობა
245 _cრედ:ბასილაძე.ი
260 _aქუთაისი
260 _bქუთაისის სახ.უნ-ტის გამ-ბა
260 _c2006
300 _a424 გვ.
541 _h15 ლ.
653 _aპედაგოგიკა
653 _aსკოლათმცოდნეობა
942 _cBK
999 _c34461
_d34461